Detroit Pistons Triple Double - Statistics

General Stats
  • This quiz has been taken 94 times
    73 since last reset
  • The average score is 8 of 19
Answer Stats
Player Nb Last % Correct
Isiah Thomas 5 1987
97%
Chauncey Billups 1 2004
91%
Cade Cunningham 14 2025
86%
Ben Wallace 2 2002
83%
Blake Griffin 3 2019
83%
Grant Hill 29 1999
72%
Bob Lanier 4 1974
69%
Dave Bing 3 1974
53%
Reggie Jackson 2 2015
47%
Jerry Stackhouse 1 2001
44%
Greg Monroe 1 2012
28%
Dave DeBusschere 2 1964
23%
Dennis Smith Jr. 1 2021
22%
Gene Shue 1 1960
14%
Edgar Jones 1 1981
8%
Mason Plumlee 2 2021
8%
Dick McGuire 1 1958
3%
Donnie Butcher 1 1964
0%
Ray Scott 1 1964
0%
No matching quizzes found
Score Distribution
Percent of People with Each Score
Percentile by Number Answered
Your Score History
You have not taken this quiz since the last reset